Elementary reaction kinetics
محفوظ في:
| المؤلفون الرئيسيون: | , |
|---|---|
| التنسيق: | كتاب |
| اللغة: | الإنجليزية |
| منشور في: |
Londres
Butterworths
1977
|
| الطبعة: | 3a. ed |
| الموضوعات: | |
| الوسوم: |
إضافة وسم
لا توجد وسوم, كن أول من يضع وسما على هذه التسجيلة!
|
MARC
| LEADER | 00000nam a2200000 a 4500 | ||
|---|---|---|---|
| 001 | UCU3607 | ||
| 003 | CL-VaPUC | ||
| 008 | 960510e19770000UK |||||||||||||||||eng|d | ||
| 082 | 0 | 4 | |a 541.394 |b LAT |2 21 |
| 100 | 0 | |a Latham, J. L |e author |9 360640 | |
| 700 | 0 | |a Burgess, A. E |e author |9 360641 | |
| 245 | 1 | 0 | |a Elementary reaction kinetics |
| 250 | |a 3a. ed | ||
| 300 | |a 182 p | ||
| 942 | |c BK | ||
| 945 | |d 19960510 00:00:00 |a cmena | ||
| 260 | |a Londres |b Butterworths |c 1977 | ||
| 650 | 0 | |a Reacciones químicas |9 259438 | |
| 650 | 0 | |a Catálisis |9 259915 | |
| 650 | 0 | |a Termoquímica |9 337401 | |
| 650 | 0 | |a Termodinámica |9 259320 | |
| 650 | 7 | |a POLIMERIZACION |2 CL-VaPUC |9 313729 | |
| 583 | |a last modification |c 19960510 00:00:00 |k Rodrigo Vera | ||
| 999 | |c 247555 |d 247553 | ||